| 000 | 00607nam a2200229 a 4500 | ||
|---|---|---|---|
| 005 | 20210219153446.0 | ||
| 008 | 991125n 000 0 u | ||
| 035 | _aUPN01000101039 | ||
| 100 | _aWoodruff, David | ||
| 222 | _aJOURNAL OF EDUCATIONAL MEASUREMENT | ||
| 245 | _aStepping un test score conditional variances | ||
| 300 | _a191-196 | ||
| 362 | _a28, No. 3, 1991 | ||
| 505 | _aMarzo 1992 | ||
| 653 | 0 | _aERROR DE MEDICION | |
| 653 | 0 | _aESTIMACION (MATEMATICAS) | |
| 653 | 0 | _aMARCADORES | |
| 653 | 0 | _aPREDICCION | |
| 653 | 0 | _aPRUEBAS LARGAS | |
| 904 |
_aAC _b038850 |
||
| 905 | _aArticulo | ||
| 999 |
_c77394 _d77394 |
||